| 000 | 01472nam0a2200361 4500 | ||
|---|---|---|---|
| 001 | RU\NLR\BIBL_A\012302188 | ||
| 005 | 20200805171757.0 | ||
| 010 |
_a978-5-17-070436-1 _94000 |
||
| 021 |
_aRU _bКН-П-20-017089 _9КН-П-20-1333 |
||
| 035 | _a(NLR Aleph) 012302188 | ||
| 035 | _a(RuMoRGB)010309868 | ||
| 090 |
_a11326361 _c11326361 |
||
| 100 | _a20200727d2020 k y0rusy50 ca | ||
| 101 | 0 |
_arus _aeng |
|
| 102 | _aRU | ||
| 105 | _ay|||e|||000zy | ||
| 181 | 0 |
_ai _baxxe |
|
| 182 | 0 | _an | |
| 200 | 1 |
_aНовый англо-русский и русско-английский словарь для школьников _eсвыше 25 000 слов и словосочетаний, [грамматика _fредактор: Некрасова С.С] |
|
| 203 |
_aТекст _bвизуальный _cнепосредственный |
||
| 210 |
_aМосква _cАСТ _cLingua _d2020 |
||
| 215 |
_a636 с. _d17 |
||
| 333 | _a12+ | ||
| 606 | 1 |
_aАнглийский язык _xСловари _xРусский язык _2nlr_sh2 _3RU\NLR\AUTH\6646831 |
|
| 606 | 1 |
_aРусский язык _xСловари _xАнглийский язык _2nlr_sh2 _3RU\NLR\AUTH\66971036 |
|
| 686 | 1 | _aШ143.21-491пер | |
| 686 | 1 | _aШ141.12-491пер | |
| 702 | 1 |
_aНекрасова _bС. С. _cпереводчик _3RU\NLR\AUTH\7781047 _4340 |
|
| 942 | _cBOOK | ||
| 980 | _aNB | ||